000 00969nam a2200229Ia 4500
001 L230-6105
003 IT-CnALBA
008 170116s9999||||xx |||||||||||||| ||und||
040 _aIT-CnALBA
_cIT-CnALBA
041 _aITALIANO
100 _aSARTORI LUIGI, MONS.
245 0 _aTEOLOGIA DELLA STORIA
250 _a1a ed.
260 _aPADOVA - VC
_bGREGORIANA LIBRERIA EDITRICE
_c1956 [1° Ed.:1956 - Ed.Ling.Originale: 1956]
300 _a122 p. (prefazione: 57)
500 _aINTRODUZIONE. RAGIONE E MISTERO DELLA PROVVIDENZA. BIBBIA E STORIA. STORIA E PADRI DELLA CHIESA. STORIA E VITA DELLA CHIESA. BILANCIO.
501 _aSocietà San Paolo EM - Piazza San Paolo, 14 - 12051 ALBA (CN) (non commercial uses only) ® Copyright 2017
520 _aINTRODUZIONE. RAGIONE E MISTERO DELLA PROVVIDENZA. BIBBIA E STORIA. STORIA E PADRI DELLA CHIESA. STORIA E VITA DELLA CHIESA. BILANCIO.
650 _aDOGMATICA CRISTIANA
942 _cBK
957 _71
999 _a7081
_bNO
_g Copie: 1
_c265287
_d265287